000 00762nam a2200217Ia 4500
003 GCL
008 140319s9999 xx 000 0 ara d
040 _aGCL /
_cGCL
082 0 4 _a944.09
_bع م
100 1 _aعلى شعيب (مراجع)
245 1 0 _aموسولينى /
_cعلى شعيب (مراجع)
250 _aالاولى
260 _aبيروت :
_bدار الفكر اللبنانى ،
_c1992
300 _a95 ص ؛
_c19 سم
490 _aاحداث ومشاهير عالمية
_v0
650 0 4 _aايطاليا - الاحوال السياسية
650 0 4 _aموسولينى
650 0 4 _aالرؤساء - تراجم
650 0 4 _aايطاليا - تاريخ - العصر الحديث - الجمهورية (1870 - )
942 _2ddc
_cBK
999 _c49156
_d49156